000 00739nam a2200289Ia 4500
005 20260324122019.0
008 008 260324s9999 xx 000 0 eng d
020 _a9780203079256
037 _aEBOOK
040 _aCRL
040 _beng
040 _cCRL
041 _2eng
041 _aeng
084 _qCRL
100 _aKrishnamurthy Sriramesh; Ansgar Zerfass; Jeong-Nam Kim
_91164773
245 0 _aPublic Relations and Communication Management
245 0 _bCurrent Trends and Emerging Topics
260 _bTaylor and Francis
260 _c2013
365 _a
365 _b300
856 _uhttp://www.taylorfrancis.com/books/9780203079256
942 _cEBOOK
999 _c1757210
_d1757210